000 00549nam a22002057a 4500
003 UA-OsUOA
001 47960
007 ta
008 20070823b un ||||| |||| 00| 0 ukr d
090 _a82.09
_bИ99
942 _cBK
040 _aUA-OsUOA
_cUA-OsUOA
_dUA-OsUOA
245 _aІсторія російських літературних зв'язків
300 _a477 с.
955 _a2
080 _a82.09
260 _aК.
_c1987
650 7 _a82 Література. Літературознавство
_2UDC
999 _c334061
_d334061